Augmented Reality Art

Shranjeno v:
Bibliografske podrobnosti
Glavni avtor: Vladimir Geroimenko
Format: Knjiga
Izdano: Springer
Teme:
AR
Oznake: Označite
Brez oznak, prvi označite!

MARC

LEADER 00000nam a2200000Ia 4500
005 20260427112639.0
526 |b Immersive Arts 
100 |a Vladimir Geroimenko 
020 |a 9783030968625 
650 |a AR 
526 |a Masters 
942 |c BK 
245 |a Augmented Reality Art 
260 |b Springer 
999 |c 5  |d 5 
952 |0 0  |1 0  |4 0  |7 0  |8 4  |a BRISTOL  |b BRISTOL  |d 2026-04-22  |l 0  |p 000123  |r 2026-04-27 11:26:39  |w 2026-04-27  |y BK